000 00848nam a2200229 a 4500
005 20160118063942.0
008 140317b2004 mx ||||gr|||| 00| 0 spa d
020 _a0662389913
040 _aCO-BoIAVH
_cCO-BoIAVH
041 _aspa
044 _amx
082 _a333.953416
_bT14t
111 2 _aTaller Internacional de Expertos sobre el Acceso a los Recursos Genéticos y Distribución de Beneficios
_cCuernavaca
_doctubre 24-27, 2004
_952223
245 1 _aTaller internacional de expertos sobre el acceso a los recursos genéticos y distribución de beneficios
_bmemorias
260 _aCuernavaca
_bCONABIO
_bEnvironment Canada
_c2005
300 _a401 paginas.
_c27 x 21 cm.
650 4 _aPropiedad intelectual
_952224
650 4 _aRegulaciones
_952225
650 4 _aRegimen internacional.
_952226
942 _cLIBRO
_2ddc
945 _d2005-06-28
999 _c4629
_d4629